Catálogo
 En Linea

Atlas de histología para los trabajos prácticos / (Registro nro. 7605)

Detalles MARC
000 -CABECERA
campo de control de longitud fija 00971nam a2200265 a 4500
001 - NÚMERO DE CONTROL
campo de control 000007827
003 - IDENTIFICADOR DEL NÚMERO DE CONTROL
campo de control OSt
005 - FECHA Y HORA DE LA ÚLTIMA TRANSACCIÓN
campo de control 20240307073944.0
008 - DATOS DE LONGITUD FIJA--INFORMACIÓN GENERAL
campo de control de longitud fija 090911s1953 dr a 001 0 spa d
040 ## - FUENTE DE LA CATALOGACIÓN
Centro catalogador/agencia de origen DO-SdBNP
Lengua de catalogación spa
Centro/agencia transcriptor BNPHU
082 #4 - NÚMERO DE LA CLASIFICACIÓN DECIMAL DEWEY
Número de clasificación 611.018
Número de documento/Ítem R252a
100 1# - ENTRADA PRINCIPAL--NOMBRE DE PERSONA
Nombre de persona Ravelo Barré, Mario
9 (RLIN) 21548
245 10 - MENCIÓN DE TÍTULO
Título Atlas de histología para los trabajos prácticos /
Mención de responsabilidad, etc. M. Ravelo Barré.
260 ## - PUBLICACIÓN, DISTRIBUCIÓN, ETC.
Lugar de publicación, distribución, etc. Ciudad Trujillo, República Dominicana :
Nombre del editor, distribuidor, etc. Caribe,
Fecha de publicación, distribución, etc. 1953.
300 ## - DESCRIPCIÓN FÍSICA
Extensión 187 p. :
Otras características físicas il ;
Dimensiones 22 cm.
490 1# - MENCIÓN DE SERIE
Mención de serie Publicaciones de la Universidad Autónoma de Santo Domingo
Designación de volumen o secuencia 89
490 1# - MENCIÓN DE SERIE
Mención de serie Serie 11- Ciencias médicas
Designación de volumen o secuencia 3
590 ## - NOTA LOCAL (RLIN)
Nota local Inventariado, 2019/VM
650 #4 - PUNTO DE ACCESO ADICIONAL DE MATERIA--TÉRMINO DE MATERIA
Término de materia o nombre geográfico como elemento de entrada Histología
Subdivisión de forma Atlas
9 (RLIN) 77093
710 1# - PUNTO DE ACCESO ADICIONAL--NOMBRE DE ENTIDAD CORPORATIVA
Nombre de entidad corporativa o nombre de jurisdicción como elemento de entrada Universidad Autónoma de Santo Domingo
9 (RLIN) 72951
830 ## - PUNTO DE ACCESO ADICIONAL DE SERIE-TÍTULO UNIFORME
Título uniforme Publicaciones de la Universidad Autónoma de Santo Domingo ;
Número de parte o sección de la obra 1150
9 (RLIN) 11848
830 #0 - PUNTO DE ACCESO ADICIONAL DE SERIE-TÍTULO UNIFORME
Título uniforme Serie
Número de parte o sección de la obra 11 - Ciencias médicas
9 (RLIN) 77094
910 ## - DATOS DE OPCIÓN DEL USUARIO (OCLC)
Datos de opción del usuario Validado. Control de calidad MFF
942 ## - ELEMENTOS DE PUNTO DE ACCESO ADICIONAL (KOHA)
Fuente del sistema de clasificación o colocación Dewey Decimal Classification
Tipo de ítem Koha Libro
Existencias
Estado de retiro Estado de pérdida Fuente del sistema de clasificación o colocación Restricciones de uso No para préstamo Código de colección Localización permanente Ubicación/localización actual Ubicación en estantería Fecha de adquisición Total de préstamos Signatura topográfica completa Código de barras Fecha visto por última vez Precio válido a partir de Tipo de ítem Koha Número de copia
    Dewey Decimal Classification Excluido de préstamo Excluido de préstamo Raros y valiosos Biblioteca Nacional Pedro Henríquez Ureña R Depósito 11.09.2009   BNPHU PD-R-RV 611.018 R252a 7827-10 25.06.2020 25.06.2020 Libro  
    Dewey Decimal Classification Préstamo restringido Préstamo restrigido Raros y valiosos Biblioteca Nacional Pedro Henríquez Ureña R Depósito 29.08.2019   BNPHU PD-R-RV 611.018 R252a 7827-20 25.06.2020 25.06.2020 Libro e. 2

Con tecnología Koha